Statistics for Countries Bordering Unknown Country #2

Click here to take the quiz!

General Stats

  • This quiz has been taken 693 times
  • The average score is 7 of 7

Answer Stats

HintAnswer% Correct
EEgypt
98%
NNiger
98%
SSudan
98%
AAlgeria
97%
CChad
97%
TTunisia
96%
Libya
94%

Score Distribution

Percentile by Number Answered

Percent of People with Each Score

Your Score History

You have not taken this quiz